00363nam a2200145Ia 4500008004100000041001200041082001600053100001700069245004600086260003600132300000800168650001200176700001600188700001300204221030s9999 xx 000 0 und d aEnglish a105.23bGup aS. L. Gupta 0aElectrodynamics (Electrictiy & Magnetism) bPragati PrakashanaMeerutc1996 a520 aPhysics aS. P. Singh aV. Kumar